00333nam a2200109Ia 4500008004100000082000800041100001900049245003900068942000600107952009500113999001500208240331s9999 xx 000 0 und d bARD aArdalarasan, T 0aThanthai periyarum thalthapattorum cL 001040708LaWERCLbWERCLcSSCd2024-03-31l0o 305 ARDp2176r2024-03-31w2024-03-31yL c1410d1410